| 000 | 00360nam a2200145Ia 4500 | ||
|---|---|---|---|
| 005 | 20250319051543.0 | ||
| 008 | 240331s9999 xx 000 0 und d | ||
| 082 |
_bMUH _a894 |
||
| 100 | _aMuhammed, R | ||
| 245 | 0 | _aIlankeeraniniIllakiyappani | |
| 260 |
_aRajagiriya _bThamil Manram _c1996 |
||
| 300 | _aViii, 152 p ., | ||
| 500 | _aNovel Illakiyam | ||
| 942 | _cL | ||
| 999 |
_c4075 _d4075 |
||